| 000 | 00326 a2200133 4500 | ||
|---|---|---|---|
| 003 | Nust | ||
| 005 | 20170207154234.0 | ||
| 040 | _cNust | ||
| 082 | _a050 | ||
| 100 | _aMaj Gen Bangash,Arif M. | ||
| 245 |
_aPakistan Army Journal March 1989,(Vol.XXX) _cMaj Gen M. Arif Bangash |
||
| 260 |
_aRawalpindi _bIGT & E BGH _c1989 |
||
| 300 | _a76p; | ||
| 942 | _cMAGS | ||
| 999 |
_c196031 _d196031 |
||